Seminario Técnico Regional sobre Alternativas de Educación Básica de Adultos en el Marco de la REDALF del Proyecto Principal de Educación an América Latina y El Caribe: documento final
Պահպանված է:
| Համատեղ հեղինակ: | |
|---|---|
| Ձևաչափ: | Գիրք |
| Լեզու: | իսպաներեն |
| Հրապարակվել է: |
Santiago
OREALC
1987
|
| Խորագրեր: | |
| Ցուցիչներ: |
Ավելացրեք ցուցիչ
Չկան պիտակներ, Եղեք առաջինը, ով նշում է այս գրառումը!
|
MARC
| LEADER | 00000nam a2200000 a 4500 | ||
|---|---|---|---|
| 001 | UCZ6800 | ||
| 003 | CL-VaPUC | ||
| 005 | 20211022074205.0 | ||
| 008 | 951215e19870200cl 1 spa d | ||
| 082 | 0 | 4 | |a 374 |b UNE |2 21 |
| 110 | 2 | |a UNESCO |e author |9 617455 | |
| 245 | 1 | 0 | |a Seminario Técnico Regional sobre Alternativas de Educación Básica de Adultos en el Marco de la REDALF del Proyecto Principal de Educación an América Latina y El Caribe: documento final |
| 260 | |a Santiago |b OREALC |c 1987 | ||
| 300 | |a 96 p | ||
| 583 | |a last modification |c 19951215 00:00:00 |k Rodrigo Vera | ||
| 650 | 0 | 0 | |a Educación de adultos |9 307580 |
| 650 | 0 | 0 | |a Planificación de la educación |9 307333 |
| 650 | 0 | 0 | |a Métodos de investigación |9 262618 |
| 650 | 0 | 0 | |a Currículo |9 307290 |
| 650 | 0 | 0 | |a Educación básica |9 224933 |
| 650 | 0 | 0 | |a Estado y educación |9 311264 |
| 650 | 0 | 0 | |a Alfabetización |9 310435 |
| 651 | 0 | |a América Latina |9 255027 | |
| 651 | 7 | |a EL ISLAS CARIBES |2 CL-VaPUC |9 353142 | |
| 942 | |c BK | ||
| 945 | |a cmena |d 19951215 00:00:00 | ||
| 546 | |a En Español | ||
| 518 | |p Seminario Técnico Regional sobre Alternativas de Educación Básica de Adultos en el Marco de la REDALF del Proyecto Principal de Educación en América Latina y El Caribe, Colonia Tovar, 29 de Septiembre al 3 de Octubre de 1986 | ||
| 999 | |c 382477 |d 382475 | ||
| 952 | |0 0 |1 0 |4 0 |6 374_000000000000000_UNE_1987 |7 0 |8 P |9 504199 |a BIBEDU |b BIBEDU |c BIBEDU_PB |d 2020-01-23 |i 1609041 |o 374 UNE 1987 |p 1609041 |r 2024-01-25 |w 2020-01-23 |y BK |k EDU | ||